000 00378nam a2200157Ia 4500
003 Ost
005 20260225132541.0
008 260225s9999||||xx |||||||||||||| ||und||
040 _cfsic
041 _afre
082 _a341.242
100 _aZdaravko Micic
_eAuteur
245 0 _aLe mouvement et la politique de non-alignement /
245 0 _cZdaravko Micic
942 _cكتاب
999 _c33543
_d33543